Aufsteiger in die 2. Bundesliga - Statistiken

Allgemein
  • Dieses Quiz wurde 440 mal gespielt
  • Das Durchschnittsergebnis liegt bei 29 aus 39
Antwortstatistiken
Saison Verein Punkte % Korrekt
2010/2011 SG Dynamo Dresden 65
90%
2015/2016 SG Dynamo Dresden 78
90%
2020/2021 SG Dynamo Dresden 75
90%
2021/2022 1. FC Kaiserslautern 63
85%
2017/2018 1. FC Magdeburg 85
84%
2021/2022 1. FC Magdeburg 78
84%
2010/2011 Eintracht Braunschweig 85
83%
2019/2020 Eintracht Braunschweig 64
83%
2021/2022 Eintracht Braunschweig 64
83%
2013/2014 SSV Markranstädt 79
82%
2010/2011 FC Hansa Rostock 78
81%
2020/2021 FC Hansa Rostock 71
81%
2009/2010 FC Ingolstadt 04 64
78%
2020/2021 FC Ingolstadt 04 71
78%
2014/2015 Holstein Kiel 67
76%
2016/2017 Holstein Kiel 67
76%
2011/2012 SSV Jahn Regensburg 61
76%
2016/2017 SSV Jahn Regensburg 63
76%
2012/2013 DSC Arminia Bielefeld 76
75%
2014/2015 DSC Arminia Bielefeld 74
75%
2013/2014 1. FC Heidenheim 79
74%
2008/2009 SC Paderborn 07 68
74%
2017/2018 SC Paderborn 07 83
74%
2013/2014 SV Darmstadt 98 72
73%
2011/2012 SV Sandhausen 66
73%
2009/2010 VfL Osnabrück 69
73%
2018/2019 VfL Osnabrück 76
73%
2008/2009 1. FC Union Berlin 78
72%
2012/2013 Karlsruher SC 79
71%
2018/2019 Karlsruher SC 71
71%
2009/2010 FC Erzgebirge Aue 68
70%
2015/2016 FC Erzgebirge Aue 70
70%
2014/2015 MSV Duisburg 71
67%
2016/2017 MSV Duisburg 68
67%
2018/2019 SV Wehen Wiesbaden 70
67%
2008/2009 Fortuna Düsseldorf 69
64%
2015/2016 Würzburger Kickers 64
59%
2019/2020 Würzburger Kickers 64
59%
2011/2012 VfR Aalen 64
43%
Keine übereinstimmenden Quizze gefunden
Verteilung der Resultate
Anzahl Personen mit jedem Resultat
Perzentil nach korrekt beantworteten Fragen
Ihre Resultats-Entwicklung
Sie haben dieses Quiz noch nicht gespielt